| 000 | 00517nam a2200181Ia 4500 | ||
|---|---|---|---|
| 003 | OSt | ||
| 005 | 20201008131312.0 | ||
| 008 | 190216s9999||||xx |||||||||||||| ||und|| | ||
| 040 | _coclc | ||
| 082 |
_a005.713 _bCRU/A |
||
| 100 |
_aCrumlish, Christian _95465 |
||
| 245 | 4 |
_aThe ABCs Of The Internet / _cChristian Crumlish |
|
| 250 | _a2nd Ed. | ||
| 260 |
_bBpb Publications, _c1998. _aNew Delhi: |
||
| 300 | _a344p | ||
| 650 | _aComputer | ||
| 942 |
_cBK _2ddc _h005.712 _iCRU/A _k005.712 _mCRU/A |
||
| 999 |
_c36538 _d36538 |
||